| 000 | 00501nam a22001937a 4500 | ||
|---|---|---|---|
| 003 | Ost | ||
| 005 | 20250902142736.0 | ||
| 008 | 250902b |||||||| |||| 00| 0 eng d | ||
| 020 | _a9781617294433 | ||
| 040 | _cBT-PhCST | ||
| 050 | _a25563 | ||
| 082 |
_222 _a005.133 _bCHO |
||
| 100 | _aChollet, Francois. | ||
| 245 | _aDeep learning with python / | ||
| 260 |
_aNew York ; _bManning Publication, _cc2018. |
||
| 300 |
_axxi, 361p. ; _bill. ; _c24 cm. |
||
| 500 | _aIncludes index. | ||
| 942 |
_2ddc _cSE |
||
| 999 |
_c10102 _d10102 |
||